000
00240nam a2200097Ia 4500
008
240331s9999 xx 000 0 und d
082
_b
RIC
100
_a
Richardson, J
245
0
_a
Poorin Padippinaikal - 3 :
_b
Nambikkaiyin Malarchi
942
_c
L
999
_c
5744
_d
5744